Statistiques concernant Miraculous - Les Kwamis et Renlings

Cliquez ici pour prendre le quiz!

Statistiques générales

  • Ce quiz a été pris 56 fois
  • Le résultat moyen est 13 sur 27

Statistiques - réponses

Réponse% Correct
Plagg
93%
Tikki
88%
Pollen
80%
Sass
80%
Trixx
75%
Nooroo
70%
Duusu
68%
Fluff
65%
Kaalki
63%
Longg
60%
Xuppu
58%
Mullo
55%
Roarr
55%
Ziggy
55%
Barkk
48%
Liiri
45%
Orikko
45%
Stompp
45%
Daizzi
43%
Ma Ma
25%
Long Long
23%
Hu Hu
20%
She She
20%
Tang Tang
20%
Ying Ying
18%
Hou Hou
15%
Xiong Xiong
15%

Distribution des résultats

Percentile par nombre de réponses

% des personnes avec chaque résultat

Votre développement - résultats

Vous n’avez pas pris ce quiz